North American Pro Sports Teams - Groups of Things - Statistics

General Stats
  • This quiz has been taken 110 times
  • The average score is 56 of 77
Answer Stats
Group Answer % Correct
Plural Colors Reds
95%
Containing Numbers 49ers
94%
Containing Numbers 76ers
94%
Birds Cardinals
92%
Birds Cardinals
92%
Teams that Share a Name Cardinals
92%
Teams that Share a Name Cardinals
92%
Aquatic Animals Dolphins
90%
Plural Colors Blues
89%
Types of Wildcats Panthers
89%
Types of Wildcats Panthers
89%
Teams that Share a Name Panthers
89%
Teams that Share a Name Panthers
89%
Birds Eagles
87%
Birds Falcons
84%
Types of Wildcats Jaguars
82%
Types of Wildcats Lions
82%
Birds Seahawks
82%
Weather/Natural Disasters Hurricanes
81%
4-Letter Names Beginning with “S” Stars
81%
Things Found in Space Stars
81%
Ursine Animals Bears
79%
Teams that Share a Name Giants
79%
Teams that Share a Name Giants
79%
4-Letter Names Beginning with “S” Suns
79%
Things Found in Space Suns
79%
Weather/Natural Disasters Suns
79%
Birds Blue Jays
77%
Birds Ravens
77%
Aquatic Animals Sharks
77%
Native American Imagery Chiefs
76%
Aquatic Animals Kraken
76%
Names that Don’t End in “S” Kraken
76%
Plural Colors Browns
74%
Types of Marauders Buccaneers
74%
Weather/Natural Disasters Thunder
74%
Names that Don’t End in “S” Thunder
74%
Things Found in Space Heat
73%
Weather/Natural Disasters Heat
73%
Names that Don’t End in “S” Heat
73%
Names that Don’t End in “S” Jazz
73%
Names that Don’t End in “S” Magic
73%
Aquatic Animals Marlins
73%
Names that Don’t End in “S” Red Sox
73%
Names that Don’t End in “S” White Sox
73%
Native American Imagery Blackhawks
71%
Birds Orioles
71%
Teams that Share a Name Jets
69%
Teams that Share a Name Jets
69%
Types of Wildcats Tigers
69%
Names that Don’t End in “S” Wild
69%
Weather/Natural Disasters Lightning
68%
Names that Don’t End in “S” Lightning
68%
Types of Marauders Raiders
68%
Birds Hawks
66%
Types of Marauders Pirates
66%
Types of Wildcats Bengals
65%
Teams that Share a Name Rangers
65%
Teams that Share a Name Rangers
65%
4-Letter Names Beginning with “S” Spurs
65%
Weather/Natural Disasters Avalanche
63%
Teams that Share a Name Kings
63%
Teams that Share a Name Kings
63%
Native American Imagery Braves
61%
Aquatic Animals Rays
61%
Ursine Animals Grizzlies
60%
Ursine Animals Cubs
58%
Things Found in Space Astros
56%
Types of Marauders Vikings
56%
Birds Pelicans
55%
Birds Penguins
53%
Names that Don’t End in “S” Mammoth
50%
Things Found in Space Rockets
48%
Ursine Animals Bruins
47%
Birds Ducks
47%
Types of Wildcats Predators
42%
Native American Imagery Warriors
39%
No matching quizzes found
Score Distribution
Percent of People with Each Score
Percentile by Number Answered
Your Score History
You have not taken this quiz